000 00696nam a22002417a 4500
001 304
003 UA-OsUOA
005 20201202213457.0
007 ta
008 20050525b un ||||| |||| 00| 0 ukr d
040 _aUA-OsUOA
_brus
_cUA-OsUOA
_dUA-OsUOA
041 _arus
080 _a821.111
090 _a821.111
_bД45
100 _aДиккенс Ч.
245 _aПриключения Оливера Твиста
260 _aМ.
_bПросвещение
_c1985
300 _a367 с.
650 7 _a82 Література. Літературознавство
_2UDC
942 _cBK
_2udc
955 _a3
999 _c286476
_d286476